| 000 | 00473nam a2200193Ia 4500 | ||
|---|---|---|---|
| 008 | 210210b2007 xxu||||| |||| 00| 0 eng d | ||
| 020 | _a9788172234850 | ||
| 041 | _aeng | ||
| 082 | _a813.54 SHEN | ||
| 100 | _aSHELDON (Sidney) | ||
| 245 | _aNothing lasts forever | ||
| 260 |
_aNew Delhi _bHarper & Collins Publishers _c2007 |
||
| 300 | _a292 | ||
| 650 | _aNothing | ||
| 650 | _alasts | ||
| 650 | _aforever | ||
| 690 | _aAmerican English Fiction | ||
| 906 | _a062544 | ||
| 999 |
_c117644 _d117644 |
||